000 00235nam a22000977a 4500
999 _c262436
_d262435
020 _a05905484125
100 _aJoanne Cole
245 _aThe Magic School Bus: In The Haunted Museum
260 _aNew York
_bScholastic
_c1995
942 _cBK